Class struggles in the USSR : (Record no. 130761)

MARC details
000 -LEADER
fixed length control field 00804nam a22002177a 4500
005 - DATE AND TIME OF LATEST TRANSACTION
control field 20170124110116.0
010 ## - LIBRARY OF CONGRESS CONTROL NUMBER
LC control number A-707208
020 ## - INTERNATIONAL STANDARD BOOK NUMBER
Terms of availability 00.00
International Standard Book Number 8185427461
035 ## - SYSTEM CONTROL NUMBER
System control number A-707208
037 ## - SOURCE OF ACQUISITION
Source of stock number/acquisition Cen Lib/Ret
040 ## - CATALOGING SOURCE
Original cataloging agency DPL
Language of cataloging EN
082 ## - DEWEY DECIMAL CLASSIFICATION NUMBER
Classification number 947.0842
Item number BET
100 ## - MAIN ENTRY--PERSONAL NAME
Personal name Bettelheim, Charles
9 (RLIN) 30044
245 ## - TITLE STATEMENT
Title Class struggles in the USSR :
Statement of responsibility, etc by Charles Bettelheim ; translated by J. N. Westwood
Remainder of title third period : 1930-1941, part one : the dominated /
260 ## - PUBLICATION, DISTRIBUTION, ETC. (IMPRINT)
Place of publication, distribution, etc Madras
Name of publisher, distributor, etc T. R. Publications
Date of publication, distribution, etc 1994
270 ## - ADDRESS
Address 57, South Usman Road, PMG Complex (II Floor), T. Nagar
City Madras
Postal code 600017
300 ## - PHYSICAL DESCRIPTION
Extent xxvi, 301p.
Dimensions 21cm(Hb)
650 ## - SUBJECT ADDED ENTRY--TOPICAL TERM
Topical term or geographic name as entry element Soviet Union -- Politics and government
9 (RLIN) 30045
650 ## - SUBJECT ADDED ENTRY--TOPICAL TERM
Topical term or geographic name as entry element Soviet Union -- Social conditions
9 (RLIN) 30046
942 ## - ADDED ENTRY ELEMENTS (KOHA)
Source of classification or shelving scheme Dewey Decimal Classification
Koha item type English Books
Classification part 947.0842
Call number suffix BET
Holdings
Withdrawn status Lost status Damaged status Not for loan Home library Current library Date acquired Source of acquisition Cost, normal purchase price Total Checkouts Full call number Barcode Date last seen Copy number Cost, replacement price Price effective from Koha item type
        Central Library Central Library 10/07/2015 Cen Lib/Ret 0.00   947.0842 BET A-707208 10/07/2015 1 0.00 10/07/2015 English Books

© Delhi Public Library
Hit Counter
free hit counter